000 00539ntaaa2200205 4500
003 01
005 20251027202849.0
008 0714s1973 ag 01
040 _aAR-BaBN
_bspa
_cAR-BaBN
_eaacr
_dRIC
082 _a269.0000 L56
100 _aLesch, Gomer R
_918357
245 _aCreative christian communication
250 _a1 ed.
260 _aNashville :
_bBroadman Press,
_cc1965
300 _a128 p
500 _aLa comunicación moderna del evangelio
650 _aevangelismo
_9336
650 _acomunicación
_91031
942 _cBK
999 _c23996
_d23996